| 000 | 01094cam a2200217 4500 | ||
|---|---|---|---|
| 001 | ABS62718 | ||
| 008 | 000000n2000 000 0 eng u | ||
| 035 | _a(Sirsi) u108145 | ||
| 245 | _aLamba Trading Company v Salford CC | ||
| 260 | _c2000 | ||
| 490 |
_aRating and Valuation Reporter _v[2000] 40 RVR 249-272 (24) |
||
| 520 | _aLT 28 May 1999. L sought compensation for the compuslory acquisition of its freehold cash and carry premises in Salford. L claimed unavailability of suitable sites for relocation meant the extinguishment of the business. The compensation claim had been calculated at £6,573,405. S claimed there were plenty of suitable sites and assessed compensation at £1,675, 308. "Held" compensation payable by the council to the claimant was £1,979,778. | ||
| 590 | _aABS | ||
| 650 | _aCOMPENSATION | ||
| 650 |
_aCompulsory purchase _96228 |
||
| 650 | _aEXTINGUISHMENT | ||
| 650 | _aDEBTS | ||
| 650 | _aLAMBA TRADING COMPANY V SALFORD CC | ||
| 690 | _aENVIRONMENTAL AND LAND CONSULTANCY-PLANNING AND DEVELOPMENT-COMPULSORY PURCHASE AND COMPENSATION | ||
| 942 | _n0 | ||
| 999 |
_c64590 _d64590 |
||